[Event "World Team Championship 2015"]
[Site "Tsaghkadzor ARM"]
[Date "2015.04.21"]
[Round "3.32"]
[White "Sargissian, Gabriel"]
[Black "Bruzon Batista, Lazaro"]
[Result "0-1"]
[WhiteElo "2674"]
[BlackElo "2691"]
[PlyCount "80"]
[EventDate "2015.04.18"]
[EventType "team-tourn"]
[EventRounds "9"]
[EventCountry "ARM"]
[Source "lmi"]
[SourceDate "2015.04.18"]

1. d4 Nf6 2. c4 e6 3. Nc3 d5 4. cxd5 exd5 5. Bg5 c6 6. Qc2 Na6 7. e3 Nb4 8. Qd2
Bf5 9. Rc1 a5 10. a3 Na6 11. Nge2 Be7 12. Ng3 Bg6 13. h4 h6 14. Bf4 Nc7 15. h5
Bh7 16. Bxc7 Qxc7 17. Bd3 Bxd3 18. Qxd3 O-O 19. Nf5 Rfe8 20. g4 Bf8 21. Rg1 b5
22. g5 Qh2 23. Qf1 hxg5 24. Rxg5 b4 25. Ne2 bxa3 26. bxa3 Ne4 27. Rg2 Qxh5 28.
Neg3 Nxg3 29. Nxg3 Qf3 30. Qh1 Bxa3 31. Ne2 Bb4+ 32. Kd1 Qe4 33. Nf4 Bd6 34. f3
Qxf3+ 35. Kc2 Rxe3 36. Rxg7+ Kxg7 37. Rg1+ Kf8 38. Qh6+ Ke7 39. Qg5+ Kd7 40.
Qf5+ Kc7 0-1

[Event "World Team Championship 2015"]
[Site "Tsaghkadzor ARM"]
[Date "2015.04.21"]
[Round "3.33"]
[White "Quesada Perez, Yuniesky"]
[Black "Akopian, Vladimir"]
[Result "1-0"]
[WhiteElo "2629"]
[BlackElo "2656"]
[PlyCount "57"]
[EventDate "2015.04.18"]
[EventType "team-tourn"]
[EventRounds "9"]
[EventCountry "ARM"]
[Source "lmi"]
[SourceDate "2015.04.18"]

1. e4 c5 2. Nf3 e6 3. d4 cxd4 4. Nxd4 a6 5. c4 Nf6 6. Nc3 Qc7 7. a3 b6 8. Be3
Bb7 9. f3 d6 10. Be2 Nbd7 11. O-O Be7 12. Qd2 O-O 13. Rfc1 Rac8 14. a4 a5 15.
Ndb5 Qb8 16. Rd1 Rcd8 17. Nxd6 Ne5 18. Ncb5 Bc6 19. Qc3 Rxd6 20. Nxd6 Bxd6 21.
Rxd6 Qxd6 22. c5 Qb8 23. cxb6 Ba8 24. Qxa5 Bxe4 25. fxe4 Neg4 26. e5 Nxe3 27.
exf6 Qd6 28. Rc1 gxf6 29. b7 1-0

[Event "World Team Championship 2015"]
[Site "Tsaghkadzor ARM"]
[Date "2015.04.21"]
[Round "3.34"]
[White "Melkumyan, Hrant"]
[Black "Gonzalez Vidal, Yuri"]
[Result "1-0"]
[WhiteElo "2651"]
[BlackElo "2557"]
[PlyCount "109"]
[EventDate "2015.04.18"]
[EventType "team-tourn"]
[EventRounds "9"]
[EventCountry "ARM"]
[Source "lmi"]
[SourceDate "2015.04.18"]

1. d4 Nf6 2. c4 e6 3. Nc3 Bb4 4. Nf3 d5 5. Bg5 h6 6. Bxf6 Qxf6 7. e3 O-O 8. Be2
c5 9. cxd5 exd5 10. O-O Bxc3 11. bxc3 Rd8 12. dxc5 Qxc3 13. Qd4 Qa5 14. Rfc1
Nc6 15. Qb2 Rb8 16. h3 Bf5 17. Bb5 Be4 18. Bxc6 bxc6 19. Qd2 Qxd2 20. Nxd2 a5
21. Nb3 a4 22. Nd4 Rdc8 23. g4 Kf8 24. Rc3 Ke7 25. Rac1 Kd7 26. Ra3 Rb4 27. Kh2
Ra8 28. Kg3 Ra5 29. f3 Bh7 30. Rac3 Rb2 31. a3 Rd2 32. h4 g5 33. hxg5 hxg5 34.
Rh1 Rd3 35. Rxd3 Bxd3 36. Rc1 Bc4 37. f4 gxf4+ 38. exf4 Rxc5 39. g5 Ra5 40. Nf3
Rb5 41. Ne5+ Ke6 42. Re1 Kf5 43. Nf3 Rb3 44. Re5+ Kg6 45. f5+ Kg7 46. f6+ Kh7
47. Re7 d4 48. Kf4 Bd5 49. Ne5 Kg8 50. Re8+ Kh7 51. Nd7 Rf3+ 52. Kg4 Re3 53.
Nf8+ Kg8 54. Rd8 Bf3+ 55. Kf4 1-0

[Event "World Team Championship 2015"]
[Site "Tsaghkadzor ARM"]
[Date "2015.04.21"]
[Round "3.42"]
[White "Karjakin, Sergey"]
[Black "Yu, Yangyi"]
[Result "1/2-1/2"]
[WhiteElo "2757"]
[BlackElo "2724"]
[PlyCount "57"]
[EventDate "2015.04.18"]
[EventType "team-tourn"]
[EventRounds "9"]
[EventCountry "ARM"]
[Source "lmi"]
[SourceDate "2015.04.18"]

1. e4 c5 2. Nf3 e6 3. d4 cxd4 4. Nxd4 Nf6 5. Nc3 Nc6 6. Ndb5 d6 7. Bf4 e5 8.
Bg5 a6 9. Na3 b5 10. Nd5 Be7 11. Bxf6 Bxf6 12. c4 b4 13. Nc2 O-O 14. g3 a5 15.
Bg2 Bg5 16. O-O Ne7 17. Nxe7+ Qxe7 18. Qd3 Be6 19. b3 Ra6 20. h4 Bh6 21. a3
bxa3 22. Nxa3 Qa7 23. Nb5 Qc5 24. Rfd1 Rd8 25. Qc3 Rda8 26. Qd3 g6 27. Ra4 Bf8
28. Rda1 Be7 29. Bf1 1/2-1/2

[Event "World Team Championship 2015"]
[Site "Tsaghkadzor ARM"]
[Date "2015.04.21"]
[Round "3.43"]
[White "Bu, Xiangzhi"]
[Black "Jakovenko, Dmitry"]
[Result "1/2-1/2"]
[WhiteElo "2681"]
[BlackElo "2744"]
[PlyCount "298"]
[EventDate "2015.04.18"]
[EventType "team-tourn"]
[EventRounds "9"]
[EventCountry "ARM"]
[Source "lmi"]
[SourceDate "2015.04.18"]

1. Nf3 Nf6 2. c4 e6 3. g3 d5 4. Bg2 Be7 5. O-O O-O 6. d4 dxc4 7. Ne5 Nc6 8.
Bxc6 bxc6 9. Nxc6 Qe8 10. Nxe7+ Qxe7 11. Qa4 e5 12. dxe5 Qxe5 13. Qxc4 Be6 14.
Qc2 Bf5 15. Qc4 Be6 16. Qc2 Bf5 17. Qd2 Rfe8 18. Re1 Bg4 19. Qg5 Qxg5 20. Bxg5
Bxe2 21. Bxf6 gxf6 22. Nc3 Bf3 23. Re3 Rxe3 24. fxe3 Kg7 25. Rf1 Bg4 26. Rf4
Be6 27. Kf2 c5 28. Ke2 Rd8 29. Ra4 Rd7 30. b3 Kf8 31. e4 c4 32. bxc4 Rd4 33.
Ke3 Rxc4 34. Rxc4 Bxc4 35. Kd4 Be6 36. a4 f5 37. exf5 Bxf5 38. a5 h5 39. h4 Ke7
40. Nb5 a6 41. Nc7 Bc8 42. Kc5 Kd7 43. Nd5 Ke6 44. Nf4+ Kf5 45. Nxh5 Bb7 46.
Nf4 Kg4 47. Nd5 Bxd5 48. Kxd5 f5 49. Kc6 Kxg3 50. h5 f4 51. h6 f3 52. h7 f2 53.
h8=Q f1=Q 54. Qe5+ Kh4 55. Kb6 Qd3 56. Kb7 Kg4 57. Qe6+ Kh4 58. Qh6+ Kg3 59.
Qc6 Kh4 60. Qf6+ Kg3 61. Ka7 Qc4 62. Qg5+ Kh3 63. Qf5+ Kh4 64. Kb7 Qb4+ 65.
Kxa6 Qc4+ 66. Kb7 Qb3+ 67. Ka8 Qg8+ 68. Ka7 Qg1+ 69. Ka6 Qd4 70. Kb5 Qb2+ 71.
Kc6 Qc3+ 72. Qc5 Qf3+ 73. Kd7 Qg4+ 74. Kc7 Qg3+ 75. Kc6 Qf3+ 76. Kb5 Qb7+ 77.
Kc4 Qa6+ 78. Kc3 Kg3 79. Qe5+ Kg2 80. Qd5+ Kg1 81. Kb4 Qg6 82. Qd4+ Kg2 83.
Qd2+ Kf1 84. Kc5 Qf5+ 85. Qd5 Qf8+ 86. Kc4 Qf4+ 87. Kb3 Qe3+ 88. Kb4 Qe1+ 89.
Kb5 Qe8+ 90. Kb6 Qb8+ 91. Kc5 Qf8+ 92. Kc4 Qf4+ 93. Kd3 Qg3+ 94. Kc2 Qf2+ 95.
Qd2 Qc5+ 96. Qc3 Qf2+ 97. Kb3 Kg1 98. Qc1+ Kh2 99. Qc2 Kh1 100. Qc6+ Kg1 101.
a6 Qe3+ 102. Kb4 Qd4+ 103. Qc4 Qd2+ 104. Qc3 Qf4+ 105. Kb3 Qf7+ 106. Qc4 Qa7
107. Qg4+ Kh2 108. Qf4+ Kg1 109. Qg5+ Kh1 110. Qd5+ Kg1 111. Qe6 Qb8+ 112. Ka4
Qf4+ 113. Kb5 Qf1+ 114. Kb6 Qf2+ 115. Kb7 Qf3+ 116. Ka7 Qf2+ 117. Kb8 Qb2+ 118.
Kc7 Qg7+ 119. Kd8 Qd4+ 120. Ke7 Qg7+ 121. Ke8 Qa7 122. Kf8 Qf2+ 123. Kg7 Qg3+
124. Kh7 Qc7+ 125. Kg6 Qg3+ 126. Kh5 Qh2+ 127. Kg5 Qg3+ 128. Qg4 Kh1 129. Kf5
Qf2+ 130. Qf4 Qc5+ 131. Qe5 Qf8+ 132. Qf6 Qc5+ 133. Kg4 Qg1+ 134. Kh5 Qd1+ 135.
Kh4 Qe1+ 136. Kg5 Qd2+ 137. Kg6 Qd3+ 138. Kf7 Qd7+ 139. Kg8 Qc8+ 140. Kh7 Qd7+
141. Kh6 Qd2+ 142. Qg5 Qd6+ 143. Qg6 Qd2+ 144. Kh5 Qh2+ 145. Kg5 Qd2+ 146. Kg4
Qg2+ 147. Kf5 Qc2+ 148. Kf6 Qc3+ 149. Ke7 Qc7+ 1/2-1/2

[Event "World Team Championship 2015"]
[Site "Tsaghkadzor ARM"]
[Date "2015.04.21"]
[Round "3.44"]
[White "Vitiugov, Nikita"]
[Black "Wei, Yi"]
[Result "1/2-1/2"]
[WhiteElo "2736"]
[BlackElo "2703"]
[PlyCount "260"]
[EventDate "2015.04.18"]
[EventType "team-tourn"]
[EventRounds "9"]
[EventCountry "ARM"]
[Source "lmi"]
[SourceDate "2015.04.18"]

1. d4 Nf6 2. c4 g6 3. g3 d5 4. cxd5 Nxd5 5. Bg2 Bg7 6. e4 Nb6 7. Ne2 c5 8. d5
O-O 9. O-O e6 10. Nec3 Na6 11. a3 c4 12. Be3 exd5 13. exd5 Bf5 14. d6 Rb8 15.
Re1 Re8 16. Nd2 Qxd6 17. Bf4 Be5 18. Rxe5 Rxe5 19. Nde4 Qxd1+ 20. Rxd1 Bxe4 21.
Nxe4 Rbe8 22. Nf6+ Kg7 23. Nxe8+ Rxe8 24. Be3 Re7 25. Rd6 Nc7 26. Bd4+ Kh6 27.
Bxb6 Ne8 28. Rd4 axb6 29. Rxc4 Re1+ 30. Bf1 Nd6 31. Rb4 Nc8 32. Kg2 f5 33. Rd4
Re7 34. h4 Rc7 35. Kf3 Kg7 36. Ke3 Ne7 37. Bg2 Kf7 38. Rd6 f4+ 39. Kd3 fxg3 40.
fxg3 Nc8 41. Rd8 Ke7 42. Rh8 Kf6 43. Bxb7 Nd6 44. Bg2 Nf5 45. Rf8+ Kg7 46. Rb8
Rd7+ 47. Kc3 Rd6 48. Rb7+ Kh6 49. a4 Nxg3 50. b4 Ne2+ 51. Kc2 Nd4+ 52. Kb2 Nf5
53. Be4 Nxh4 54. a5 bxa5 55. bxa5 Nf5 56. Bxf5 Rd5 57. Be6 Rxa5 58. Bg8 Kg5 59.
Rxh7 Kf4 60. Kc3 g5 61. Be6 g4 62. Rf7+ Kg3 63. Rg7 Ra4 64. Kd3 Kf3 65. Bd5+
Kf2 66. Rf7+ Kg3 67. Rg7 Kf2 68. Rf7+ Kg3 69. Ke3 Ra3+ 70. Ke2 Ra4 71. Rf1 Ra5
72. Rg1+ Kf4 73. Rd1 Kg3 74. Rd4 Rc5 75. Rd3+ Kh2 76. Ke3 Ra5 77. Kf4 Ra4+ 78.
Kg5 g3 79. Rd1 g2 80. Rd2 Rd4 81. Rxg2+ Kh3 82. Bf3 Rd8 83. Kf4 Rf8+ 84. Ke3
Rb8 85. Rg7 Kh4 86. Rg4+ Kh3 87. Rg6 Kh4 88. Be4 Rf8 89. Bf3 Rf5 90. Rg7 Rg5
91. Rb7 Kg3 92. Rb2 Re5+ 93. Be4 Rg5 94. Rb1 Kg4 95. Bf3+ Kg3 96. Rh1 Re5+ 97.
Be4 Rg5 98. Rf1 Kg4 99. Rf4+ Kg3 100. Bf5 Rg7 101. Rf3+ Kh4 102. Kf4 Rg4+ 103.
Ke5 Rg3 104. Rf1 Kg5 105. Rh1 Re3+ 106. Be4 Rg3 107. Rh8 Kg4 108. Rf8 Kg5 109.
Rh8 Kg4 110. Bf5+ Kg5 111. Bg6 Re3+ 112. Be4 Rg3 113. Rh7 Kg4 114. Rf7 Kg5 115.
Bf3 Kh4 116. Ke4 Rg5 117. Rh7+ Kg3 118. Rh1 Rb5 119. Rg1+ Kf2 120. Rg2+ Ke1
121. Kf4 Rb8 122. Ra2 Rc8 123. Re2+ Kf1 124. Rb2 Ke1 125. Kg3 Rg8+ 126. Bg4 Re8
127. Kf4 Rf8+ 128. Bf5 Kf1 129. Ra2 Rf7 130. Ke4 Kg1 1/2-1/2

[Event "World Team Championship 2015"]
[Site "Tsaghkadzor ARM"]
[Date "2015.04.21"]
[Round "3.51"]
[White "Shankland, Samuel"]
[Black "Leko, Peter"]
[Result "1/2-1/2"]
[WhiteElo "2661"]
[BlackElo "2713"]
[PlyCount "45"]
[EventDate "2015.04.18"]
[EventType "team-tourn"]
[EventRounds "9"]
[EventCountry "ARM"]
[Source "lmi"]
[SourceDate "2015.04.18"]

1. Nf3 Nf6 2. c4 c5 3. Nc3 Nc6 4. d4 cxd4 5. Nxd4 e6 6. g3 Qb6 7. Ndb5 Ne5 8.
Bf4 Nfg4 9. Qa4 g5 10. Bxe5 Qxf2+ 11. Kd1 Nxe5 12. Nc7+ Kd8 13. Nxa8 Qd4+ 14.
Kc2 Nxc4 15. e4 Qd2+ 16. Kb3 Qxb2+ 17. Kxc4 Bg7 18. Qa5+ b6 19. Qxg5+ f6 20.
Qb5 Ba6 21. Qxa6 f5 22. Qxa7 Qxc3+ 23. Kb5 1/2-1/2

[Event "World Team Championship 2015"]
[Site "Tsaghkadzor ARM"]
[Date "2015.04.21"]
[Round "3.52"]
[White "Almasi, Zoltan"]
[Black "Lenderman, Aleksandr"]
[Result "1-0"]
[WhiteElo "2698"]
[BlackElo "2617"]
[PlyCount "135"]
[EventDate "2015.04.18"]
[EventType "team-tourn"]
[EventRounds "9"]
[EventCountry "ARM"]
[Source "lmi"]
[SourceDate "2015.04.18"]

1. e4 e6 2. d4 d5 3. Nc3 Nf6 4. e5 Nfd7 5. f4 c5 6. Nf3 Nc6 7. Be3 Be7 8. Qd2
O-O 9. dxc5 Nxc5 10. O-O-O b6 11. Qe1 Qc7 12. Kb1 f6 13. Bb5 fxe5 14. Bxc6 Qxc6
15. Nxe5 Qe8 16. Qg3 Bf6 17. Bd4 Bb7 18. Rhe1 Rc8 19. Ng4 Bxd4 20. Rxd4 Qg6 21.
Ne5 Qf6 22. Qe3 Rfd8 23. a3 h6 24. Red1 a6 25. g4 Nd7 26. Ne4 Qe7 27. Nd2 Nxe5
28. Qxe5 Qf7 29. Nf3 Re8 30. Qe2 Rc7 31. Ne5 Qf6 32. Qe3 Rf8 33. R1d2 Bc6 34.
Ka2 Be8 35. Re2 b5 36. c3 Re7 37. Nd3 Bg6 38. Nc5 e5 39. fxe5 Qf1 40. Re1 Qg2
41. Rd2 Qxg4 42. Rg1 Qh5 43. e6 Rf5 44. Rdg2 d4 45. cxd4 Rf3 46. Qd2 Qd5+ 47.
Ka1 Bf5 48. Nxa6 Qxe6 49. Nb4 Qc4 50. Rc1 Rf1 51. Rg1 Rxg1 52. Rxg1 Re2 53. Qd1
Rxh2 54. d5 Qh4 55. Rf1 Qf6 56. Qc1 g6 57. Rd1 Rh4 58. Qc5 Rh2 59. Qc1 Rh4 60.
Qc5 Rh2 61. Qc1 Rh4 62. Qc7 Rxb4 63. axb4 Qa6+ 64. Qa5 Qb7 65. d6 Kf7 66. Qc7+
Qxc7 67. dxc7 h5 68. Rf1 1-0

[Event "World Team Championship 2015"]
[Site "Tsaghkadzor ARM"]
[Date "2015.04.21"]
[Round "3.53"]
[White "Akobian, Varuzhan"]
[Black "Rapport, Richard"]
[Result "1/2-1/2"]
[WhiteElo "2622"]
[BlackElo "2710"]
[PlyCount "48"]
[EventDate "2015.04.18"]
[EventType "team-tourn"]
[EventRounds "9"]
[EventCountry "ARM"]
[Source "lmi"]
[SourceDate "2015.04.18"]

1. d4 d5 2. c4 Nc6 3. Nf3 Bg4 4. Bf4 Bxf3 5. gxf3 e6 6. e3 Bd6 7. Bg3 Nge7 8.
Nc3 a6 9. a3 h5 10. c5 Bxc5 11. dxc5 h4 12. Bf4 e5 13. Bg5 f6 14. Bh3 fxg5 15.
Rg1 Kf8 16. Rxg5 Qe8 17. Qb3 Rh5 18. Rxh5 Qxh5 19. Bg4 Qf7 20. Rd1 Na5 21. Qa4
Nac6 22. Qb3 Na5 23. Qa4 Nac6 24. Qb3 Na5 1/2-1/2

[Event "World Team Championship 2015"]
[Site "Tsaghkadzor ARM"]
[Date "2015.04.21"]
[Round "3.54"]
[White "Balogh, Csaba"]
[Black "Naroditsky, Daniel"]
[Result "1/2-1/2"]
[WhiteElo "2651"]
[BlackElo "2640"]
[PlyCount "53"]
[EventDate "2015.04.18"]
[EventType "team-tourn"]
[EventRounds "9"]
[EventCountry "ARM"]
[Source "lmi"]
[SourceDate "2015.04.18"]

1. e4 e5 2. Nf3 Nc6 3. Bb5 a6 4. Ba4 Nf6 5. O-O Be7 6. d3 b5 7. Bb3 d6 8. a4
Bd7 9. c3 O-O 10. Bc2 b4 11. Nbd2 Rb8 12. Re1 d5 13. a5 Bd6 14. Bb3 dxe4 15.
dxe4 bxc3 16. bxc3 Ne7 17. Nc4 Be6 18. Ba2 Ng6 19. Qc2 Qe7 20. Ng5 Bd7 21. Ne3
Bc5 22. Nf5 Qe8 23. Be3 Bxe3 24. Nxe3 Qe7 25. Bc4 h6 26. Nf3 Qc5 27. Bxa6
1/2-1/2

[Event "World Team Championship 2015"]
[Site "Tsaghkadzor ARM"]
[Date "2015.04.22"]
[Round "4.11"]
[White "Grischuk, Alexander"]
[Black "Shankland, Samuel"]
[Result "1/2-1/2"]
[WhiteElo "2794"]
[BlackElo "2661"]
[PlyCount "105"]
[EventDate "2015.04.18"]
[EventType "team-tourn"]
[EventRounds "9"]
[EventCountry "ARM"]
[Source "lmi"]
[SourceDate "2015.04.18"]

1. Nf3 d5 2. d4 Nf6 3. c4 c6 4. Nc3 dxc4 5. a4 Bf5 6. Ne5 e6 7. f3 Bb4 8. e4
Bxe4 9. fxe4 Nxe4 10. Bd2 Qxd4 11. Nxe4 Qxe4+ 12. Qe2 Bxd2+ 13. Kxd2 Qd5+ 14.
Ke1 Qa5+ 15. Kf2 c3 16. bxc3 Qxc3 17. Rb1 Nd7 18. Nxd7 Qd4+ 19. Qe3 Qxd7 20. h4
O-O 21. h5 Rfd8 22. h6 b6 23. hxg7 Qd4 24. Rh3 Kxg7 25. Bd3 h6 26. Rbh1 Qxe3+
27. Kxe3 Rh8 28. Be4 Rac8 29. Kf4 c5 30. Ke5 c4 31. Rg3+ Kf8 32. Rf1 Ke7 33.
Rg7 Rhf8 34. Kd4 c3 35. Bc2 Rc5 36. Kd3 Rd8+ 37. Ke3 Re5+ 38. Be4 Rf8 39. Kd4
Rc5 40. Rf2 a6 41. Rh7 h5 42. Kd3 Kd6 43. Kc2 Rc4 44. Bb7 Rxa4 45. Kxc3 h4 46.
Rhxf7 Rxf7 47. Rxf7 b5 48. Rh7 a5 49. Rh5 Rc4+ 50. Kd3 Rb4 51. Kc3 Rc4+ 52. Kd3
Rb4 53. Kc3 1/2-1/2

[Event "World Team Championship 2015"]
[Site "Tsaghkadzor ARM"]
[Date "2015.04.22"]
[Round "4.12"]
[White "Onischuk, Alexander"]
[Black "Karjakin, Sergey"]
[Result "1/2-1/2"]
[WhiteElo "2665"]
[BlackElo "2757"]
[PlyCount "44"]
[EventDate "2015.04.18"]
[EventType "team-tourn"]
[EventRounds "9"]
[EventCountry "ARM"]
[Source "lmi"]
[SourceDate "2015.04.18"]

1. d4 Nf6 2. c4 e6 3. Nf3 d5 4. Nc3 c6 5. e3 Nbd7 6. Qc2 Bd6 7. Bd3 O-O 8. O-O
e5 9. cxd5 cxd5 10. e4 exd4 11. Nxd5 Nxd5 12. exd5 h6 13. Nxd4 Qh4 14. Nf3 Qh5
15. Bh7+ Kh8 16. Qf5 Qxf5 17. Bxf5 Nf6 18. Bxc8 Rfxc8 19. Rd1 Rd8 20. Be3 Be7
21. Rac1 Nxd5 22. Bd4 Nf4 1/2-1/2

[Event "World Team Championship 2015"]
[Site "Tsaghkadzor ARM"]
[Date "2015.04.22"]
[Round "4.14"]
[White "Naroditsky, Daniel"]
[Black "Jakovenko, Dmitry"]
[Result "1-0"]
[WhiteElo "2640"]
[BlackElo "2744"]
[PlyCount "101"]
[EventDate "2015.04.18"]
[EventType "team-tourn"]
[EventRounds "9"]
[EventCountry "ARM"]
[Source "lmi"]
[SourceDate "2015.04.18"]

1. e4 e5 2. Nf3 Nc6 3. Bc4 Bc5 4. d3 Nf6 5. O-O O-O 6. Re1 d6 7. c3 a6 8. Bb3
Ba7 9. h3 h6 10. Nbd2 Re8 11. Nf1 Be6 12. Bc2 d5 13. Qe2 b5 14. Rd1 d4 15. Ng3
a5 16. Bb3 a4 17. Bxe6 Rxe6 18. Nf5 a3 19. Qc2 axb2 20. Bxb2 dxc3 21. Bxc3 Qe8
22. Qb2 Rb8 23. Rac1 Kh7 24. a3 g6 25. Ne3 Bxe3 26. fxe3 Nd7 27. Be1 Rb6 28.
Bg3 b4 29. a4 Ra6 30. Qb3 Rb6 31. d4 exd4 32. exd4 Na5 33. Qd5 c5 34. dxc5 Nf6
35. Qd8 Ra6 36. Qxe8 Rxe8 37. Rd6 Rc6 38. Ne5 Rxd6 39. cxd6 Nxe4 40. d7 Rd8 41.
Be1 f6 42. Rc8 Nb7 43. Rxd8 Nxd8 44. Bxb4 fxe5 45. a5 Nf6 46. a6 Nxd7 47. a7
Nb6 48. Ba5 Na8 49. Bxd8 Kg7 50. Kf2 Kf7 51. Ke3 1-0

[Event "World Team Championship 2015"]
[Site "Tsaghkadzor ARM"]
[Date "2015.04.22"]
[Round "4.21"]
[White "Amin, Bassem"]
[Black "Dominguez Perez, Leinier"]
[Result "1/2-1/2"]
[WhiteElo "2634"]
[BlackElo "2729"]
[PlyCount "55"]
[EventDate "2015.04.18"]
[EventType "team-tourn"]
[EventRounds "9"]
[EventCountry "ARM"]
[Source "lmi"]
[SourceDate "2015.04.18"]

1. e4 e5 2. Nf3 Nc6 3. Bb5 Nf6 4. O-O Nxe4 5. Re1 Nd6 6. Nxe5 Be7 7. Bf1 Nxe5
8. Rxe5 O-O 9. d4 Ne8 10. Bd3 d5 11. Bf4 Be6 12. Re3 Bd6 13. Be5 g6 14. c3 Ng7
15. Qf3 Bxe5 16. Rxe5 f6 17. Re3 Bf5 18. Bxf5 Nxf5 19. Re2 Qd7 20. Nd2 Rae8 21.
Rae1 Rxe2 22. Rxe2 c6 23. Kf1 Kf7 24. Nb3 b6 25. Nc1 Re8 26. Nd3 Rxe2 27. Qxe2
Qe6 28. Nb4 1/2-1/2

[Event "World Team Championship 2015"]
[Site "Tsaghkadzor ARM"]
[Date "2015.04.22"]
[Round "4.22"]
[White "Bruzon Batista, Lazaro"]
[Black "Shoker, Samy"]
[Result "1-0"]
[WhiteElo "2691"]
[BlackElo "2482"]
[PlyCount "73"]
[EventDate "2015.04.18"]
[EventType "team-tourn"]
[EventRounds "9"]
[EventCountry "ARM"]
[Source "lmi"]
[SourceDate "2015.04.18"]

1. d4 g6 2. c4 Bg7 3. e4 Nc6 4. Ne2 d6 5. Nbc3 e5 6. Be3 Nh6 7. d5 Ne7 8. f3 f5
9. Qd2 Nf7 10. O-O-O O-O 11. Kb1 a6 12. Nc1 Bd7 13. Be2 Kh8 14. g4 Qc8 15. h3
Ng8 16. Nd3 Nf6 17. c5 Bb5 18. Rhg1 fxe4 19. fxe4 c6 20. g5 Nxe4 21. Nxe4 cxd5
22. Bg4 Qd8 23. cxd6 d4 24. Ndc5 Bc6 25. Ka1 Qb6 26. Rge1 Nxd6 27. Bg1 Rf4 28.
Qd3 Raf8 29. Nxd6 Qxc5 30. Ne4 Qd5 31. Nf6 R4xf6 32. gxf6 Bxf6 33. Qa3 Rf7 34.
Bxd4 exd4 35. Be6 Qd8 36. Bxf7 Bb5 37. Re8+ 1-0

[Event "World Team Championship 2015"]
[Site "Tsaghkadzor ARM"]
[Date "2015.04.22"]
[Round "4.23"]
[White "Elsherief, Mohamed"]
[Black "Quesada Perez, Yuniesky"]
[Result "0-1"]
[WhiteElo "2479"]
[BlackElo "2629"]
[PlyCount "82"]
[EventDate "2015.04.18"]
[EventType "team-tourn"]
[EventRounds "9"]
[EventCountry "ARM"]
[Source "lmi"]
[SourceDate "2015.04.18"]

1. d4 Nf6 2. c4 e6 3. Nf3 Bb4+ 4. Bd2 Qe7 5. g3 Bxd2+ 6. Qxd2 Nc6 7. Nc3 d5 8.
Ne5 dxc4 9. Nxc6 bxc6 10. Bg2 O-O 11. Qc2 Rb8 12. O-O c5 13. Rfd1 cxd4 14. Rxd4
Qb4 15. Ne4 Ba6 16. Nxf6+ gxf6 17. Rg4+ Kh8 18. Rh4 f5 19. b3 Rfd8 20. Qb2+ c3
21. Qc1 Rd4 22. Qh6 Rxh4 23. Qf6+ Kg8 24. gxh4 c2 25. Qg5+ Kf8 26. Bf3 Qd4 27.
Rc1 Qd1+ 28. Kg2 Bxe2 29. Bxe2 Qxe2 30. h3 h5 31. Kg1 c5 32. Kg2 c4 33. Qf6 Kg8
34. Rg1 Qd1 35. Qg5+ Kf8 36. Qh6+ Ke7 37. Qg5+ Kd7 38. Kh2 cxb3 39. axb3 Rc8
40. Qc1 Qxc1 41. Rxc1 Kd6 0-1

[Event "World Team Championship 2015"]
[Site "Tsaghkadzor ARM"]
[Date "2015.04.22"]
[Round "4.24"]
[White "Ortiz Suarez, Isan R"]
[Black "Farahat, Ali"]
[Result "1/2-1/2"]
[WhiteElo "2612"]
[BlackElo "2389"]
[PlyCount "92"]
[EventDate "2015.04.18"]
[EventType "team-tourn"]
[EventRounds "9"]
[EventCountry "ARM"]
[Source "lmi"]
[SourceDate "2015.04.18"]

1. e4 c5 2. Nf3 Nc6 3. d4 cxd4 4. Nxd4 e5 5. Nb5 d6 6. N1c3 a6 7. Na3 b5 8. Nd5
Nf6 9. Bg5 Be7 10. Bxf6 Bxf6 11. c4 b4 12. Nc2 O-O 13. Be2 Bg5 14. O-O a5 15.
b3 Be6 16. Qd3 Ra7 17. Rad1 Nb8 18. f4 exf4 19. Nxf4 Bxf4 20. Rxf4 Nc6 21. Rf2
Rd7 22. Qe3 Re8 23. Qf4 Ne5 24. Bf1 Qb6 25. h3 Ng6 26. Qe3 Qxe3 27. Nxe3 Ne5
28. Rfd2 Red8 29. Be2 Kf8 30. Nd5 Rb8 31. Kf2 h6 32. g4 g5 33. Nf6 Rdd8 34. c5
a4 35. bxa4 b3 36. axb3 Rxb3 37. Rxd6 Rc8 38. c6 Ke7 39. Nd7 Rxc6 40. Rxc6 Nxc6
41. Nc5 Rxh3 42. Nxe6 fxe6 43. Ra1 Rh2+ 44. Ke3 Rh3+ 45. Kf2 Rh2+ 46. Ke3 Rh3+
1/2-1/2

[Event "World Team Championship 2015"]
[Site "Tsaghkadzor ARM"]
[Date "2015.04.22"]
[Round "4.31"]
[White "Gelfand, Boris"]
[Black "Ponomarev, Ruslan"]
[Result "1/2-1/2"]
[WhiteElo "2747"]
[BlackElo "2713"]
[PlyCount "92"]
[EventDate "2015.04.18"]
[EventType "team-tourn"]
[EventRounds "9"]
[EventCountry "ARM"]
[Source "lmi"]
[SourceDate "2015.04.18"]

1. d4 Nf6 2. c4 e6 3. Nf3 d5 4. g3 dxc4 5. Bg2 a6 6. O-O Nc6 7. e3 Rb8 8. Qe2
b5 9. b3 cxb3 10. axb3 Bd6 11. Bd2 O-O 12. Rc1 Bb7 13. Ne1 Qe8 14. Nd3 e5 15.
Bxc6 Bxc6 16. Rxc6 Qxc6 17. dxe5 Bxe5 18. Nxe5 Qd5 19. Nf3 Qxb3 20. Ba5 c5 21.
Nbd2 Qe6 22. e4 Rfc8 23. e5 Nd7 24. Re1 h6 25. Ne4 Nxe5 26. Nxe5 Qxe5 27. Bc3
Qe6 28. Nf6+ gxf6 29. Qf3 Qc6 30. Re4 Kf8 31. Bxf6 Re8 32. Rxe8+ Qxe8 33. Qf4
Qe1+ 34. Kg2 Rc8 35. h4 Ke8 36. Qxh6 Qe4+ 37. Kg1 Kd7 38. Qd2+ Kc6 39. h5 Qd5
40. Qe2 Qf5 41. Bg7 c4 42. h6 Kb7 43. h7 Qb1+ 44. Kg2 Qxh7 45. Qf3+ Rc6 46.
Qxf7+ Rc7 1/2-1/2

[Event "World Team Championship 2015"]
[Site "Tsaghkadzor ARM"]
[Date "2015.04.22"]
[Round "4.34"]
[White "Moiseenko, Alexander"]
[Black "Postny, Evgeni"]
[Result "1-0"]
[WhiteElo "2697"]
[BlackElo "2636"]
[PlyCount "65"]
[EventDate "2015.04.18"]
[EventType "team-tourn"]
[EventRounds "9"]
[EventCountry "ARM"]
[Source "lmi"]
[SourceDate "2015.04.18"]

1. d4 d5 2. c4 c6 3. Nf3 Nf6 4. Nc3 a6 5. g3 dxc4 6. Bg2 e6 7. O-O b5 8. Ne5
Bb7 9. b3 cxb3 10. axb3 Be7 11. Bb2 O-O 12. Ne4 Nxe4 13. Bxe4 Ra7 14. Qc2 h6
15. Qc3 Bf6 16. Qc5 Ra8 17. Ba3 Nd7 18. Qd6 Nxe5 19. dxe5 Qxd6 20. Bxd6 Rfd8
21. Rad1 Rd7 22. Bc5 Rxd1 23. Rxd1 Rd8 24. Bd3 Rd5 25. exf6 Rxc5 26. Be4 Rd5
27. Bxd5 exd5 28. e4 gxf6 29. exd5 cxd5 30. b4 Bc6 31. Ra1 Bb7 32. Rc1 d4 33.
Rd1 1-0

[Event "World Team Championship 2015"]
[Site "Tsaghkadzor ARM"]
[Date "2015.04.22"]
[Round "4.42"]
[White "Yu, Yangyi"]
[Black "Sargissian, Gabriel"]
[Result "1-0"]
[WhiteElo "2724"]
[BlackElo "2674"]
[PlyCount "63"]
[EventDate "2015.04.18"]
[EventType "team-tourn"]
[EventRounds "9"]
[EventCountry "ARM"]
[Source "lmi"]
[SourceDate "2015.04.18"]

1. c4 Nf6 2. Nf3 e6 3. g3 b6 4. Bg2 Bb7 5. O-O Be7 6. Nc3 O-O 7. Re1 d5 8. cxd5
exd5 9. d4 Na6 10. Bf4 c5 11. dxc5 bxc5 12. Qb3 Qc8 13. Ne5 Rd8 14. Bh3 Qxh3
15. Qxb7 Bd6 16. Qxf7+ Kh8 17. Nxd5 Bxe5 18. Bxe5 Rf8 19. Qb7 Rab8 20. Qxa7 Ra8
21. Qb7 Rab8 22. Nf4 Qxh2+ 23. Kxh2 Rxb7 24. Kg2 Kg8 25. f3 Nd7 26. Bc3 Nb6 27.
Rac1 Na4 28. b3 Nxc3 29. Rxc3 Rd8 30. Nd3 Re7 31. Kf2 Rd5 32. Rh1 1-0